Sports Groups of Three - Statistics

General Stats
  • This quiz has been taken 206 times
  • The average score is 12 of 24
Answer Stats
Hint Answer % Correct
Miami Heat's "Big 3" Lebron James
84%
NHL career points leaders Wayne Gretzky
82%
Babe Ruth
77%
Chicago Bulls
77%
MLB 700 Home Run Club Barry Bonds
75%
Dwayne Wade
75%
Chris Bosh
68%
Hank Aaron
66%
Countries that have lost World Cup final most times Germany
63%
Teams that won NBA finals 1989-1998 Detroit Pistons
60%
Dallas Cowboys
59%
New York Giants
59%
Argentina
49%
Houston Rockets
49%
Teams that beat the Bills in the Super Bowl Washington Redskins
45%
Netherlands
32%
Winnipeg Jets
31%
Jaromir Jagr
27%
NHL teams that relocated from 1995-97 Quebec Nordiques
24%
Mark Messier
22%
Cubs double play combo immortalized in a poem Joe Tinker
20%
Frank Chance
19%
Hartford Whalers
17%
Johnny Evers
17%
No matching quizzes found
Score Distribution
Percent of People with Each Score
Percentile by Number Answered
Your Score History
You have not taken this quiz